[Event "Schleswig Holstein-ch Kandidatenklasse"]
[Site "Ratzeburg"]
[Date "2017.04.13"]
[Round "7.10"]
[White "Bielfeldt, Michael"]
[Black "Schiller, Dirk"]
[Result "1-0"]
[WhiteElo "1778"]
[BlackElo "1756"]
[PlyCount "135"]
[EventDate "2017.04.13"]
[EventType "swiss"]
[EventRounds "9"]
[EventCountry "GER"]
[SourceTitle "EXT 2022"]
[Source "ChessBase"]
[SourceDate "2021.10.06"]
[SourceVersion "1"]
[SourceVersionDate "2021.10.06"]
[SourceQuality "1"]

1. d4 d5 2. Bf4 Nf6 3. e3 c6 4. c3 Bf5 5. Nf3 h6 6. Bd3 Ne4 7. h3 e6 8. 0-0 Be7 9. Bh2 0-0 10. Qe2 Bh7 11. Bxe4 dxe4 12. Nfd2 Nd7 13. c4 Qb6 14. b3 c5 15. dxc5 Nxc5 16. Nc3 Bf6 17. Rac1 Nd3 18. Rc2 Nb4 19. Na4 Qc6 20. Rcc1 Nxa2 21. Rb1 Rfd8 22. Rfd1 a6 23. c5 Rd3 24. Nc4 Rxd1+ 25. Rxd1 Nc3 26. Nxc3 Bxc3 27. Qc2 Bf6 28. Bd6 Rd8 29. b4 g5 30. Be5 Rxd1+ 31. Qxd1 Bxe5 32. Nxe5 Qd5 33. Qxd5 exd5 34. Nd7 Bf5 35. Nf6+ Kf8 36. Nxd5 Ke8 37. Kf1 Kd7 38. Ke1 Bg6 39. Kd2 f5 40. Kc3 Ke6 41. Kd4 Bf7 42. Nc3 Be8 43. Nd5 Bc6 44. Nc3 h5 45. g3 Bb5 46. h4 gxh4 47. gxh4 Bc6 48. Ne2 Kf6 49. Nf4 Be8 50. Kd5 Bc6+ 51. Kd6 Be8 52. Kc7 Bc6 53. Kb6 Kf7 54. Nxh5 Kg6 55. Nf4+ Kf6 56. Kc7 Ke7 57. Kc8 Kf6 58. Kd8 Kf7 59. Ne2 Kg6 60. Ng3 Bd5 61. Ke7 Bc6 62. Ke6 Bb5 63. Ke5 Bd7 64. Kf4 Kf6 65. h5 Be6 66. h6 Kg6 67. h7 Kxh7 68. Nxf5 1-0

[Event "Schleswig Holstein-ch cand"]
[Site "Eckernfoerde"]
[Date "2016.03.25"]
[Round "9"]
[White "Luchs, Manfred"]
[Black "Bielfeldt, Michael"]
[Result "1-0"]
[WhiteElo "1974"]
[BlackElo "1719"]
[PlyCount "43"]
[EventDate "2016.03.19"]
[EventType "swiss"]
[EventRounds "9"]
[EventCountry "GER"]
[SourceTitle "EXT 2018"]
[Source "ChessBase"]
[SourceDate "2017.10.13"]
[SourceVersion "1"]
[SourceVersionDate "2017.10.13"]
[SourceQuality "1"]

1. e4 e6 2. d3 d5 3. Nd2 Be7 4. Ngf3 Nf6 5. g3 c6 6. Bg2 b6 7. 0-0 Bb7 8. c3 Nbd7 9. e5 Ng4 10. Re1 Qc7 11. d4 c5 12. Nf1 h5 13. h4 Nh6 14. Bf4 Rc8 15. Ne3 Qd8 16. Bh3 a6 17. Ng5 g6 18. Bxe6 Rc7 19. Bxd5 Bxd5 20. Nxd5 Rc6 21. Qf3 Nb8 22. Nxe7 1-0

[Event "Schleswig Holstein-ch cand"]
[Site "Eckernfoerde"]
[Date "2016.03.20"]
[Round "2"]
[White "Schaper, Jan Erik"]
[Black "Bielfeldt, Michael"]
[Result "0-1"]
[WhiteElo "1824"]
[BlackElo "1719"]
[PlyCount "78"]
[EventDate "2016.03.19"]
[EventType "swiss"]
[EventRounds "9"]
[EventCountry "GER"]
[SourceTitle "EXT 2018"]
[Source "ChessBase"]
[SourceDate "2017.10.13"]
[SourceVersion "1"]
[SourceVersionDate "2017.10.13"]
[SourceQuality "1"]

1. c4 e6 2. g3 d5 3. Bg2 c6 4. Nf3 Bd6 5. 0-0 Nf6 6. b3 0-0 7. Bb2 Nbd7 8. Qc2 b6 9. cxd5 cxd5 10. Qc6 Qc7 11. Qxa8 Ba6 12. Qxf8+ Kxf8 13. Rc1 Qd8 14. d3 Bb7 15. Ba3 Bxa3 16. Nxa3 Ne8 17. Rc2 Nd6 18. Rac1 a6 19. Nb1 f6 20. Nd4 Kf7 21. Nd2 g5 22. e4 dxe4 23. Nxe4 Bxe4 24. dxe4 Nc5 25. Nc6 Qe8 26. e5 fxe5 27. Nxe5+ Kf6 28. Ng4+ Kg6 29. Rd1 Nf5 30. b4 Qa4 31. Rdd2 Qxb4 32. Rb2 Qxg4 33. Rxb6 Qc4 34. Bf1 Qc1 35. Rd8 Qe1 36. Kg2 Qe4+ 37. Kg1 h5 38. Rc8 Qd4 39. Rbc6 Ne7 0-1

[Event "Schleswig Holstein-ch Seniors"]
[Site "Hanerau"]
[Date "2015.03.31"]
[Round "5"]
[White "Jeschke, Holger"]
[Black "Bielfeldt, Michael"]
[Result "1/2-1/2"]
[WhiteElo "1820"]
[BlackElo "1710"]
[PlyCount "98"]
[EventDate "2015.03.28"]
[EventType "swiss"]
[EventRounds "9"]
[EventCountry "GER"]
[SourceTitle "EXT 2018"]
[Source "ChessBase"]
[SourceDate "2017.10.13"]
[SourceVersion "1"]
[SourceVersionDate "2017.10.13"]
[SourceQuality "1"]

1. b4 e5 2. Bb2 d6 3. e3 Bd7 4. c4 f6 5. Nc3 Ne7 6. Nf3 Na6 7. a3 c6 8. Be2 Ng6 9. h4 Be7 10. h5 Nf8 11. d4 Nc7 12. Qb3 Be6 13. d5 cxd5 14. cxd5 Bd7 15. Rc1 Rc8 16. Ne4 f5 17. Ng3 Bf6 18. Nd2 b5 19. e4 f4 20. Nf5 Bxf5 21. exf5 h6 22. Ne4 Nh7 23. Rc6 Be7 24. g3 fxg3 25. Qxg3 Ng5 26. Nxg5 Bxg5 27. Qg2 0-0 28. Bd3 a6 29. 0-0 Qd7 30. f4 Bxf4 31. Rxf4 exf4 32. Rxd6 Qe7 33. Rxh6 Qe1+ 34. Bf1 Qe3+ 35. Kh1 Ne8 36. Rg6 Rc7 37. d6 Rxf5 38. Be2 Rd7 39. Re6 Qg3 40. Rxe8+ Kf7 41. Qxg3 fxg3 42. Re3 Rxd6 43. Rf3 Rxf3 44. Bxf3 Rd2 45. Bc1 Rc2 46. Bg5 Rc3 47. Kg2 Rxa3 48. Bd8 Rd3 49. Bb6 Rd6 1/2-1/2

[Event "Leipzig VfB op 22nd"]
[Site "Leipzig"]
[Date "2015.03.05"]
[Round "4"]
[White "Bielfeldt, Michael"]
[Black "Ter Horst, Carsten"]
[Result "0-1"]
[WhiteElo "1710"]
[BlackElo "1951"]
[PlyCount "84"]
[EventDate "2015.03.03"]
[EventType "swiss"]
[EventRounds "9"]
[EventCountry "GER"]
[SourceTitle "EXT 2016"]
[Source "ChessBase"]
[SourceDate "2015.10.08"]
[SourceVersion "1"]
[SourceVersionDate "2015.10.08"]
[SourceQuality "1"]

1. d4 d5 2. Bf4 Nf6 3. e3 c5 4. c3 Qb6 5. Qc2 Nc6 6. dxc5 Qxc5 7. Nf3 g6 8. Bd3 Bg7 9. 0-0 0-0 10. Nbd2 Nh5 11. Nb3 Qb6 12. Bg5 e5 13. Be2 Bf5 14. Qd2 Be6 15. Bd1 a5 16. Nc1 f5 17. Ne1 Nf6 18. Bxf6 Bxf6 19. Ne2 a4 20. a3 Na5 21. Nd3 Nc4 22. Qc2 Be7 23. Nec1 g5 24. Nb4 f4 25. exf4 gxf4 26. Ncd3 e4 27. Ne1 Kh8 28. Kh1 Rf6 29. Be2 Ne5 30. f3 e3 31. Rd1 Bxb4 32. cxb4 Bf5 33. Qc3 Qe6 34. Qd4 Rd8 35. Rc1 Nc6 36. Qxf4 Bd3 37. Qc7 Rc8 38. Qxb7 Bxe2 39. Rg1 Rb8 40. Qc7 Rc8 41. Qb7 Rh6 42. Rc3 Rxh2+ 0-1

[Event "Leipzig VfB op 22nd"]
[Site "Leipzig"]
[Date "2015.03.04"]
[Round "3"]
[White "Reimann, Hubert"]
[Black "Bielfeldt, Michael"]
[Result "1-0"]
[WhiteElo "1969"]
[BlackElo "1710"]
[PlyCount "59"]
[EventDate "2015.03.03"]
[EventType "swiss"]
[EventRounds "9"]
[EventCountry "GER"]
[SourceTitle "EXT 2016"]
[Source "ChessBase"]
[SourceDate "2015.10.08"]
[SourceVersion "1"]
[SourceVersionDate "2015.10.08"]
[SourceQuality "1"]

1. d4 d5 2. Nf3 Nf6 3. c4 c6 4. Nc3 e6 5. e3 Bd6 6. Qc2 Nbd7 7. b3 0-0 8. Bb2 b6 9. cxd5 cxd5 10. Bd3 h6 11. 0-0 Bb7 12. Nb5 Be7 13. Ne5 a6 14. Nc3 Rc8 15. Qe2 b5 16. Rac1 Nb8 17. f3 Nc6 18. Bb1 Bd6 19. Nxc6 Rxc6 20. e4 Be7 21. e5 Nd7 22. Qd3 f5 23. Ne2 Bg5 24. Rxc6 Bxc6 25. Ba3 Be7 26. Bxe7 Qxe7 27. Nf4 Rc8 28. g4 Qg5 29. Nxe6 Qg6 30. Qxf5 1-0

[Event "Leipzig VfB op 21st"]
[Site "Leipzig"]
[Date "2014.03.05"]
[Round "3"]
[White "Bielfeldt, Michael"]
[Black "Urban, Thomas"]
[Result "0-1"]
[WhiteElo "1739"]
[BlackElo "1408"]
[PlyCount "86"]
[EventDate "2014.03.04"]
[EventType "tourn"]
[EventRounds "9"]
[EventCountry "GER"]
[SourceTitle "CBM 159 Extra"]
[Source "ChessBase"]
[SourceDate "2014.04.24"]
[SourceVersion "1"]
[SourceVersionDate "2014.04.24"]
[SourceQuality "1"]

1. d4 d5 2. Bf4 e6 3. e3 c5 4. c3 Nf6 5. Bd3 c4 6. Be2 Bd6 7. Bxd6 Qxd6 8. Nd2 0-0 9. Ngf3 b5 10. 0-0 Nbd7 11. Re1 a5 12. Qc2 Ba6 13. e4 dxe4 14. Nxe4 Qd5 15. Nxf6+ Nxf6 16. Ne5 Qd6 17. Bf3 Rab8 18. Nc6 Bb7 19. Nxb8 Bxf3 20. gxf3 Rxb8 21. Qe2 Qf4 22. Qe5 Qxe5 23. Rxe5 Nd5 24. Rc1 Kf8 25. Rce1 g6 26. h4 h5 27. Kh2 b4 28. cxb4 axb4 29. Rc1 c3 30. bxc3 bxc3 31. Re2 Rb4 32. Ra1 Rxd4 33. a4 Rxh4+ 34. Kg3 Rc4 35. Re4 Rc7 36. a5 c2 37. Ree1 Nb4 38. Re4 Nd3 39. a6 c1Q 40. Rxc1 Nxc1 41. Ra4 Ra7 42. Kf4 Nd3+ 43. Kg5 Kg7 0-1

[Event "Schleswig Holstein-ch H 63rd"]
[Site "Gross Groenau"]
[Date "2008.03.17"]
[Round "3"]
[White "Bielfeldt, Michael"]
[Black "Dambrowski, Ralf"]
[Result "0-1"]
[WhiteElo "1506"]
[BlackElo "1400"]
[PlyCount "38"]
[EventDate "2008.03.15"]
[EventType "swiss"]
[EventRounds "9"]
[EventCountry "GER"]
[SourceTitle "EXT 2010"]
[Source "ChessBase"]
[SourceDate "2010.11.25"]
[SourceVersion "1"]
[SourceVersionDate "2010.11.25"]
[SourceQuality "1"]

1. d4 Nf6 2. c4 g6 3. Nc3 d5 4. Nf3 Bg7 5. e3 0-0 6. Be2 dxc4 7. Bxc4 Nbd7 8. 0-0 Nb6 9. Be2 c6 10. Ne5 Nfd5 11. Nd3 Bf5 12. Nc5 Nxc3 13. bxc3 Qc7 14. e4 Bc8 15. f4 Rd8 16. Qb3 Rxd4 17. Rb1 Rd8 18. f5 gxf5 19. exf5 Qe5 0-1

[Event "Schleswig Holstein-ch H 63rd"]
[Site "Gross Groenau"]
[Date "2008.03.17"]
[Round "4"]
[White "Rickers, Bernhard"]
[Black "Bielfeldt, Michael"]
[Result "1/2-1/2"]
[WhiteElo "1449"]
[BlackElo "1506"]
[PlyCount "55"]
[EventDate "2008.03.15"]
[EventType "swiss"]
[EventRounds "9"]
[EventCountry "GER"]
[SourceTitle "EXT 2010"]
[Source "ChessBase"]
[SourceDate "2010.11.25"]
[SourceVersion "1"]
[SourceVersionDate "2010.11.25"]
[SourceQuality "1"]

1. e4 c6 2. d4 d5 3. exd5 cxd5 4. Nf3 Bf5 5. c3 e6 6. Bd3 Bxd3 7. Qxd3 Nf6 8. 0-0 Be7 9. Bf4 Qb6 10. Qc2 0-0 11. Nbd2 Nbd7 12. Rab1 Rfc8 13. Qb3 Qxb3 14. Nxb3 a5 15. Ne5 h6 16. Bg3 a4 17. Nd2 Nb6 18. a3 Nh5 19. Nd3 Nxg3 20. hxg3 Nd7 21. Nf3 Bd6 22. Nfe5 Nxe5 23. Nxe5 Bxe5 24. dxe5 Rc4 25. f3 h5 26. Rfd1 b5 27. Kf2 Rc6 28. Ke3 1/2-1/2